Модернизация мехатронной системы микроГЭС; Энергетика, электромеханика и энергоэффективные технологии глазами молодежи

Bibliographische Detailangaben
Parent link:Энергетика, электромеханика и энергоэффективные технологии глазами молодежи.— 2014.— [С. 14-17]
1. Verfasser: Номоконова Ю. А.
Zusammenfassung:Заглавие с титульного экрана
Sprache:Russisch
Veröffentlicht: 2014
Schriftenreihe:Энергоэффективные технологии в электромеханике
Schlagworte:
Online-Zugang:http://earchive.tpu.ru/handle/11683/73411
Format: MixedMaterials Elektronisch Buchkapitel
KOHA link:https://koha.lib.tpu.ru/cgi-bin/koha/opac-detail.pl?biblionumber=609594

MARC

LEADER 00000naa2a2200000 4500
001 609594
005 20260324143237.0
035 |a (RuTPU)RU\TPU\conf\7088 
035 |a RU\TPU\conf\7087 
090 |a 609594 
100 |a 20141121d2014 k y0rusy50 ca 
101 0 |a rus 
102 |a RU 
135 |a drcn ---uucaa 
181 0 |a i  
182 0 |a b 
200 1 |a Модернизация мехатронной системы микроГЭС  |f Ю. А. Номоконова 
203 |a Текст  |c электронный 
225 1 |a Энергоэффективные технологии в электромеханике 
300 |a Заглавие с титульного экрана 
320 |a [Библиогр.: с. 17 (9 назв.)] 
337 |a Adobe Reader 
463 0 |0 (RuTPU)RU\TPU\conf\6937  |t Энергетика, электромеханика и энергоэффективные технологии глазами молодежи  |o материалы Второй российской молодежной научной школы-конференции, г.Томск, 29-31 октября 2014 г.  |f Национальный исследовательский Томский политехнический университет (ТПУ) ; Российский фонд фундаментальных исследований (РФФИ) ; ред. кол. А. С. Ивашутенко ; Е. П. Богданов ; Т. В. Усачева  |v [С. 14-17]  |d 2014 
610 1 |a труды учёных ТПУ 
610 1 |a электронный ресурс 
610 1 |a мехатронные системы 
610 1 |a мехатроника 
610 1 |a мехатронные устройства 
610 1 |a малая гидроэнергетика 
610 1 |a гидроэнергетика 
610 1 |a микрогидроэлектростанции 
700 1 |a Номоконова  |b Ю. А. 
801 2 |a RU  |b 63413507  |c 20221101  |g RCR 
856 4 |u http://earchive.tpu.ru/handle/11683/73411 
942 |c BK